Новогръцка граматика (Запис номер 96636)
[ съкратено ]
| 000 -Лидер | |
|---|---|
| Контролно поле с фиксирана дължина | 01235nam a2200349 c 4500 |
| 003 - Код на организацията, давaща контролен номер | |
| Контролно поле | BLK |
| 005 - Дата и час на последна редакция | |
| Контролно поле | 20230929161509.0 |
| 008 - Елементи от данни с фиксирана дължина | |
| fixed length control field | 180409b bul|||||r ||||||| ||bul|| |
| 010 ## - Наследен системен номер | |
| LC control number | KNG00101536000 |
| 040 ## - Източник на каталожния запис | |
| Идентификатор на билиотеката - собственик на записа | BLK |
| 041 ## - Код за език | |
| Код за езика на текст/звукозапис или на отделно заглавие | Български |
| Код за езика КДБФ | Български |
| Други езици | Гръцки |
| 080 ## - УДК | |
| Текстов определител УДК | Новогръцки език |
| УДК код - определител по УДК | 811.146 |
| УДК определител | -4 |
| УДК - код + определител | 811.146-4 |
| 080 ## - УДК | |
| Текстов определител УДК | Новогръцки език |
| УДК код - определител по УДК | 811.146 |
| УДК определител | -55 |
| УДК - код + определител | 811.146-55 |
| 100 1# - Редна дума - Автор | |
| Автор | Ангелиева, Фани Тодорова |
| Авторска отговорност | първи автор |
| R(LIN) | 366053 |
| 139 ## - Редно поле | |
| Редна дума | Ангелиева, Фани Тодорова |
| Авторски знак | Ан - А 64 |
| 245 10 - Сведения за заглавието | |
| Заглавие | Новогръцка граматика |
| Подзаглавни данни | Фонетика и морфология |
| Редно поле (дума) | Фани Тодорова Ангелиева. |
| 257 ## - Страна на издаване | |
| Страна на създаване/издаване | България |
| 260 ## - Област на издателските данни | |
| Име на издателя, разпространителя и проч. | Емас |
| Година на издаване | 2001 |
| Печатница | София : Балкан прес |
| 300 ## - Физическа характеристика | |
| Страници | 216 с. |
| Размери/Мащаб | 20 см |
| 380 ## - Жанр | |
| Жанр | Езикознание. Филология |
| 650 #4 - Допълнително описание по предмет – тема | |
| Основно описание – тема или топоним | Гръцки език - учебни помагала |
| 9 (RLIN) | 250811 |
| 653 ## - Ключова дума – ненормативна | |
| Ключова дума | гръцки език |
| 653 ## - Ключова дума – ненормативна | |
| Ключова дума | учебни помагала |
| 653 ## - Ключова дума – ненормативна | |
| Ключова дума | граматика |
| 852 ## - Местоположение | |
| Форматна сигнатура | Цб 211628 |
| 856 4# - Електронен адрес и достъп | |
| Електронен формат | pdf - файл |
| 856 4# - Електронен адрес и достъп | |
| Електронен формат | pdf - файл |
| 999 ## - СИСТЕМНИ КОНТРОЛНИ НОМЕРА | |
| Koha biblionumber | 96636 |
| Koha biblioitemnumber | 96636 |
| 942 ## - АРТИКУЛИ | |
| Вид на библиотечния материал | Книги |
| Скрит в OPAC | Не |
| Периодичен библиозапис | Да |
| Koha issues (borrowed), all copies | 2 |
| 944 ## - СЪЗДАВАНЕ И РЕДАКЦИЯ на ЗАПИСА | |
| Създаване/Редакция | Създаване |
| Дата на регистрацията/редакция | 01.01.2001 |
| Служител, извършил регистрацията/редакцията | 30556 |
| Статус, дата на статуса | Теодора Пейчева-Дянкова |
| 944 ## - СЪЗДАВАНЕ И РЕДАКЦИЯ на ЗАПИСА | |
| Създаване/Редакция | Редакция |
| Дата на регистрацията/редакция | 06.10.2003 |
| 999 ## - СИСТЕМНИ КОНТРОЛНИ НОМЕРА | |
| Koha biblioitemnumber | 96636 |
| Код за отписване | Код за изгубен артикул | Код за повреда | Коз за рестрикции | Код за отдаване | Артикулен № | Име на библиотеката - собственик | Име на библиотеката, в която се намира в момента | Статус (Текущо местоположение) | Дата на вписване в системата | Местоположение - отдел | Цена в лева | Инвентарен номер | Систематично азбучна сигнатура | Баркод | Номер на екземпляра | Цена в евро | Служебна бележка | Служебен тип на артикула |
|---|---|---|---|---|---|---|---|---|---|---|---|---|---|---|---|---|---|---|
| Не е изгубен | Не е повреден | без рестрикции | заемане за дома | 155081 | Регионална библиотека "Любен Каравелов" Русе | Регионална библиотека "Любен Каравелов" Русе | ЧЧЗО - англ. ез. - Британски съвет | 2002-05-28 | ЧЧЗО - англ. ез. - Британски съвет | 7.00 | 120000670104 | Ч3 807/А 64 | 120000670104 | 1 | 3.58 | Дост: Pk Вид: Ф N: 18 Дата: 28.05.2002 Дата инв: 20.03.2015 Бележки инв: Ч32015 | Книги |